[Event "Unisource IV"]
[Site "Montreal CAN"]
[Date "2009.03.01"]
[Round "4"]
[White "O'Connor, Michael"]
[Black "Gauthier, Luc"]
[Result "0-1"]
[WhiteElo "1735"]
[BlackElo "1621"]
[PlyCount "62"]
[GameId "2160767910260452"]
[EventDate "2009.02.27"]
[EventType "tourn"]
[EventRounds "5"]
[EventCountry "CAN"]
[SourceTitle "EXT 2011"]
[Source "ChessBase"]
[SourceDate "2011.11.26"]
[SourceVersion "1"]
[SourceVersionDate "2011.11.26"]
[SourceQuality "1"]

1. d4 d5 2. e3 Nc6 3. f4 Bf5 4. Nf3 e6 5. c3 Nf6 6. Bb5 a6 7. Bxc6+ bxc6 8. Qa4 Bd6 9. Qxc6+ Kf8 10. O-O Bd3 11. a4 Rb8 12. Rd1 Bc4 13. b3 Rxb3 14. Ba3 Rb6 15. Bxd6+ cxd6 16. Qxb6 Qxb6 17. Nbd2 Ke7 18. Rab1 Qc7 19. Nxc4 dxc4 20. Nd2 d5 21. Rb4 Rb8 22. Rdb1 Rxb4 23. Rxb4 Ne4 24. Nxe4 dxe4 25. Kf2 Qc6 26. h3 a5 27. Rb5 Qxb5 28. axb5 a4 29. b6 Kd7 30. f5 a3 31. d5 exd5 0-1

[Event "Unisource IV"]
[Site "Montreal CAN"]
[Date "2009.03.01"]
[Round "4"]
[White "Pregent, Daniel"]
[Black "Turcotte, Jonathan"]
[Result "1/2-1/2"]
[WhiteElo "1839"]
[BlackElo "1833"]
[PlyCount "114"]
[GameId "2160767910260453"]
[EventDate "2009.02.27"]
[EventType "tourn"]
[EventRounds "5"]
[EventCountry "CAN"]
[SourceTitle "EXT 2011"]
[Source "ChessBase"]
[SourceDate "2011.11.26"]
[SourceVersion "1"]
[SourceVersionDate "2011.11.26"]
[SourceQuality "1"]

1. d4 d5 2. c4 c6 3. Nf3 Nf6 4. e3 Bf5 5. Nbd2 e6 6. Be2 Bd6 7. b3 Nbd7 8. Bb2 O-O 9. O-O Qe7 10. Ne5 Rfd8 11. Ndf3 Ne4 12. Qc1 a5 13. a3 f6 14. Nd3 Rdc8 15. Nh4 Bg6 16. f3 Ng5 17. Nxg6 hxg6 18. Nf2 f5 19. Bd3 Nh7 20. e4 Qh4 21. e5 Be7 22. g3 Qh5 23. Kg2 Kf7 24. Qe3 a4 25. b4 dxc4 26. Bxc4 Nb6 27. Be2 Nd5 28. Qd2 Rh8 29. Rh1 g5 30. f4 Qh6 31. Bf3 gxf4 32. Bc1 Bg5 33. h4 Be7 34. gxf4 Bxh4 35. Bxd5 cxd5 36. Qe2 Rae8 37. Qb5 Qg6+ 38. Kf1 Qg3 39. Ra2 g5 40. Rh3 Rc8 41. Qd7+ Kg6 42. Qxe6+ Kh5 43. Be3 gxf4 44. Rxg3 Bxg3 45. Qxf5+ Ng5 46. Bxf4 Bxf4 47. Qxf4 Rhf8 48. Qg4+ Kh6 49. Ke2 Rc3 50. Qh4+ Kg6 51. Ng4 Rff3 52. Qh6+ Kf5 53. Qf6+ Kxg4 54. Qb6 Rh3 55. Rd2 Rh2+ 56. Kd1 Rh1+ 57. Ke2 Rh2+ 1/2-1/2

[Event "Unisource IV"]
[Site "Montreal CAN"]
[Date "2009.03.01"]
[Round "4"]
[White "Turcotte, Jonathan"]
[Black "Dumont, Felix"]
[Result "1-0"]
[WhiteElo "1833"]
[BlackElo "1748"]
[PlyCount "87"]
[GameId "2160767910260454"]
[EventDate "2009.02.27"]
[EventType "tourn"]
[EventRounds "5"]
[EventCountry "CAN"]
[SourceTitle "EXT 2011"]
[Source "ChessBase"]
[SourceDate "2011.11.26"]
[SourceVersion "1"]
[SourceVersionDate "2011.11.26"]
[SourceQuality "1"]

1. d4 Nf6 2. c4 g6 3. Nf3 Bg7 4. Nc3 d6 5. e4 O-O 6. Be2 e5 7. O-O Nc6 8. d5 Ne7 9. b4 Nh5 10. Re1 f5 11. Ng5 Nf6 12. f3 c6 13. Be3 Bh6 14. h4 Bxg5 15. Bxg5 Qb6+ 16. Kh1 Qxb4 17. Qd2 cxd5 18. a3 Qa5 19. cxd5 a6 20. f4 exf4 21. Bxf4 fxe4 22. Bxd6 Qd8 23. Be5 Bf5 24. Bc4 Kg7 25. h5 h6 26. Nxe4 Bxe4 27. Rxe4 b5 28. Ba2 Kh7 29. Rh4 Nxh5 30. g4 Nc6 31. Qh2 Nxe5 32. gxh5 Nf3 33. hxg6+ Kg7 34. Qb2+ Qf6 35. Qxf6+ Rxf6 36. Re4 Rxg6 37. Rf1 Rf6 38. Re7+ Kf8 39. Re3 Rc8 40. Rexf3 Rxf3 41. Rxf3+ Kg7 42. d6 Rc1+ 43. Kg2 Rc2+ 44. Rf2 1-0

[Event "Unisource IV"]
[Site "Montreal CAN"]
[Date "2009.03.01"]
[Round "4"]
[White "Xu, Haizhou"]
[Black "Morissette, Jean-Sebastien"]
[Result "1-0"]
[WhiteElo "2077"]
[BlackElo "1990"]
[PlyCount "95"]
[GameId "2160767910260455"]
[EventDate "2009.02.27"]
[EventType "tourn"]
[EventRounds "5"]
[EventCountry "CAN"]
[SourceTitle "EXT 2011"]
[Source "ChessBase"]
[SourceDate "2011.11.26"]
[SourceVersion "1"]
[SourceVersionDate "2011.11.26"]
[SourceQuality "1"]

1. e4 c5 2. Nf3 Nc6 3. d4 cxd4 4. Nxd4 e5 5. Nb5 d6 6. c4 Be7 7. N1c3 a6 8. Na3 h6 9. Nc2 Be6 10. Be2 Bg5 11. O-O Bxc1 12. Rxc1 Nge7 13. Qd2 Qd7 14. Rfd1 Rd8 15. Qe3 O-O 16. c5 d5 17. exd5 Nxd5 18. Nxd5 Bxd5 19. Bc4 Qe6 20. Rxd5 Rxd5 21. Qe4 Rfd8 22. Bxd5 Qxd5 23. Qxd5 Rxd5 24. Ne3 Rd2 25. Rc2 Rxc2 26. Nxc2 Kf8 27. Kf1 Ke7 28. Ke2 Ke6 29. Kd3 Kd5 30. b4 Nd4 31. Ne3+ Kc6 32. Kc4 h5 33. a4 h4 34. h3 f5 35. Nd5 g5 36. f3 f4 37. Nc3 Nc2 38. b5+ Kd7 39. Kd5 Ne3+ 40. Kxe5 Nxg2 41. Kf5 Ne1 42. Kg4 Nd3 43. Kxg5 Nxc5 44. Kxf4 Nxa4 45. Nxa4 axb5 46. Nb2 Ke6 47. Kg5 Kd5 48. f4 1-0

[Event "Unisource IV"]
[Site "Montreal CAN"]
[Date "2009.03.01"]
[Round "5"]
[White "Allard, Laurent"]
[Black "Lalumiere, Claude"]
[Result "1-0"]
[WhiteElo "1775"]
[BlackElo "1840"]
[PlyCount "75"]
[GameId "2160767910260457"]
[EventDate "2009.02.27"]
[EventType "tourn"]
[EventRounds "5"]
[EventCountry "CAN"]
[SourceTitle "EXT 2011"]
[Source "ChessBase"]
[SourceDate "2011.11.26"]
[SourceVersion "1"]
[SourceVersionDate "2011.11.26"]
[SourceQuality "1"]

1. e4 c5 2. Nf3 d6 3. d4 cxd4 4. Nxd4 Nf6 5. Nc3 a6 6. f3 e6 7. Be3 Be7 8. Qd2 Nc6 9. g4 Qc7 10. h4 Nd7 11. O-O-O b5 12. Kb1 Nb6 13. Nxc6 Qxc6 14. Qf2 Nc4 15. Bxc4 Qxc4 16. g5 Bb7 17. h5 Rc8 18. Rhg1 Qc6 19. Qd2 Rd8 20. Ne2 Qc7 21. Nd4 d5 22. e5 g6 23. f4 Rc8 24. Rh1 Kd7 25. Rh2 Bc5 26. Nf3 Rhd8 27. Bxc5 Qxc5 28. Nd4 Ke7 29. hxg6 hxg6 30. Rh7 Rh8 31. Rdh1 Rxh7 32. Rxh7 Rg8 33. a3 Qb6 34. Qb4+ Ke8 35. a4 Bc6 36. Qd6 Qxd4 37. Qxc6+ Ke7 38. Qc7+ 1-0

[Event "Unisource IV"]
[Site "Montreal CAN"]
[Date "2009.03.01"]
[Round "5"]
[White "Caceres Cortes, Julio"]
[Black "Dobrev, Martin"]
[Result "1-0"]
[WhiteElo "1992"]
[BlackElo "1844"]
[PlyCount "57"]
[GameId "2160767910260458"]
[EventDate "2009.02.27"]
[EventType "tourn"]
[EventRounds "5"]
[EventCountry "CAN"]
[SourceTitle "EXT 2011"]
[Source "ChessBase"]
[SourceDate "2011.11.26"]
[SourceVersion "1"]
[SourceVersionDate "2011.11.26"]
[SourceQuality "1"]

1. Nf3 d5 2. c4 e6 3. d4 Nf6 4. Nc3 c6 5. Bg5 dxc4 6. e4 b5 7. e5 h6 8. Bh4 g5 9. Nxg5 hxg5 10. Bxg5 Nbd7 11. exf6 Bb7 12. g3 Qb6 13. Bg2 O-O-O 14. O-O b4 15. Na4 Qb5 16. h4 c5 17. Bxb7+ Qxb7 18. f4 Qe4 19. Rc1 Nb6 20. Nxb6+ axb6 21. Rxc4 b5 22. Rc2 Rxd4 23. Qe2 Qxe2 24. Rxe2 c4 25. f5 exf5 26. Rxf5 Kc7 27. Bf4+ Kc6 28. Re8 Rg8 29. Kh2 1-0

[Event "Unisource IV"]
[Site "Montreal CAN"]
[Date "2009.03.01"]
[Round "5"]
[White "Cote-Lalumiere, Tristan"]
[Black "Sarrazin-Gendron, Roman"]
[Result "1/2-1/2"]
[WhiteElo "1603"]
[BlackElo "1641"]
[PlyCount "54"]
[GameId "2160767910260459"]
[EventDate "2009.02.27"]
[EventType "tourn"]
[EventRounds "5"]
[EventCountry "CAN"]
[SourceTitle "EXT 2011"]
[Source "ChessBase"]
[SourceDate "2011.11.26"]
[SourceVersion "1"]
[SourceVersionDate "2011.11.26"]
[SourceQuality "1"]

1. e4 c5 2. Nf3 d6 3. d4 cxd4 4. Nxd4 Nf6 5. Nc3 a6 6. Be2 e6 7. Be3 Be7 8. O-O O-O 9. Kh1 b5 10. a3 Bb7 11. Bf3 Nbd7 12. Nb3 Ne5 13. Bf4 Nc4 14. Nd2 Nb6 15. Nb3 Nc4 16. Nd2 Nb6 17. g4 d5 18. e5 Nfd7 19. Qe2 Rc8 20. Rad1 Bg5 21. Qe3 Bxf4 22. Qxf4 Nc4 23. Nxc4 Rxc4 24. Qg3 Qc7 25. Rfe1 d4 26. Bxb7 Qxb7+ 27. Ne4 Nc5 1/2-1/2

[Event "Unisource IV"]
[Site "Montreal CAN"]
[Date "2009.03.01"]
[Round "5"]
[White "Deshetres, Michel"]
[Black "O'Connor, Michael"]
[Result "1/2-1/2"]
[WhiteElo "1688"]
[BlackElo "1735"]
[PlyCount "102"]
[GameId "2160767910260460"]
[EventDate "2009.02.27"]
[EventType "tourn"]
[EventRounds "5"]
[EventCountry "CAN"]
[SourceTitle "EXT 2011"]
[Source "ChessBase"]
[SourceDate "2011.11.26"]
[SourceVersion "1"]
[SourceVersionDate "2011.11.26"]
[SourceQuality "1"]

1. c4 g6 2. Nc3 Bg7 3. Nf3 Nf6 4. d4 O-O 5. e4 d6 6. Be2 e5 7. O-O Nbd7 8. Be3 Kh8 9. Qd2 Ng4 10. Bg5 f6 11. Bh4 c6 12. Rad1 Qe7 13. h3 Nh6 14. dxe5 dxe5 15. a3 Qf7 16. b4 Nb6 17. c5 Nc4 18. Bxc4 Qxc4 19. Qd3 Be6 20. Qxc4 Bxc4 21. Rfe1 g5 22. Bg3 Rfd8 23. Nd2 Be6 24. Nf1 Bb3 25. Rb1 Bc2 26. Rb2 Bd3 27. Rd1 Bxf1 28. Kxf1 Rxd1+ 29. Nxd1 Rd8 30. Ke2 f5 31. f3 Kg8 32. Rd2 Rxd2+ 33. Kxd2 Kf7 34. a4 Ke6 35. Kd3 f4 36. Bf2 Nf7 37. Nb2 Bf6 38. Nc4 Bd8 39. b5 Kd7 40. Kc3 h5 41. Kb4 cxb5 42. axb5 Bc7 43. Be1 g4 44. hxg4 hxg4 45. Bc3 gxf3 46. gxf3 Ke6 47. Nd2 Kd7 48. Kc4 Ke6 49. Bb4 Ng5 50. c6 bxc6 51. bxc6 a6 1/2-1/2

[Event "Unisource IV"]
[Site "Montreal CAN"]
[Date "2009.03.01"]
[Round "5"]
[White "Dumont, Felix"]
[Black "Allard, Laurent"]
[Result "0-1"]
[WhiteElo "1748"]
[BlackElo "1775"]
[PlyCount "54"]
[GameId "2160767910260461"]
[EventDate "2009.02.27"]
[EventType "tourn"]
[EventRounds "5"]
[EventCountry "CAN"]
[SourceTitle "EXT 2011"]
[Source "ChessBase"]
[SourceDate "2011.11.26"]
[SourceVersion "1"]
[SourceVersionDate "2011.11.26"]
[SourceQuality "1"]

1. e4 c5 2. Nf3 d6 3. d4 cxd4 4. Nxd4 Nf6 5. Nc3 g6 6. f3 Bg7 7. Be3 O-O 8. Bc4 Nc6 9. Qd2 Bd7 10. O-O Qa5 11. Bb3 Rfc8 12. Qf2 Ne5 13. Nd5 Nxd5 14. Bxd5 Rc7 15. a4 Nc4 16. c3 Nxe3 17. b4 Qa6 18. Qxe3 e6 19. Bb3 Rac8 20. Rac1 Qb6 21. Rfd1 a5 22. bxa5 Qxa5 23. c4 Qc5 24. Rd3 d5 25. Nc2 dxc4 26. Qxc5 Rxc5 27. Rxd7 cxb3 0-1

[Event "Unisource IV"]
[Site "Montreal CAN"]
[Date "2009.03.01"]
[Round "5"]
[White "Gauthier, Luc"]
[Black "Baran, Marius"]
[Result "0-1"]
[WhiteElo "1621"]
[BlackElo "1654"]
[PlyCount "104"]
[GameId "2160767910260462"]
[EventDate "2009.02.27"]
[EventType "tourn"]
[EventRounds "5"]
[EventCountry "CAN"]
[SourceTitle "EXT 2011"]
[Source "ChessBase"]
[SourceDate "2011.11.26"]
[SourceVersion "1"]
[SourceVersionDate "2011.11.26"]
[SourceQuality "1"]

1. e4 c5 2. Nc3 g6 3. f4 Bg7 4. Nf3 e6 5. e5 d5 6. Nb5 Bf8 7. d4 a6 8. Nc3 Nc6 9. Be3 cxd4 10. Nxd4 Nge7 11. Qd2 Bg7 12. Nce2 O-O 13. g3 Qc7 14. Bg2 Bd7 15. O-O b5 16. Nb3 Rfc8 17. Bc5 Bf8 18. Bd6 Qa7+ 19. Bc5 Qc7 20. Bd6 Qa7+ 21. Bc5 Qb7 22. c3 a5 23. Bd6 Qa7+ 24. Bc5 Qb7 25. Bd6 Nf5 26. Nc5 Qa7 27. Bxf8 Kxf8 28. b4 axb4 29. cxb4 Nxb4 30. Qxb4 Qxc5+ 31. Qxc5+ Rxc5 32. Rfc1 Rac8 33. Rxc5 Rxc5 34. Rc1 Rc4 35. Rxc4 dxc4 36. g4 Ne3 37. Bf3 b4 38. Nd4 Ba4 39. Kf2 Nd5 40. Bxd5 exd5 41. Ke3 Ke7 42. Ne2 Bd1 43. Kd2 Bxe2 44. Kxe2 d4 45. f5 d3+ 46. Kd2 gxf5 47. gxf5 h6 48. h3 h5 49. h4 Kd7 50. Kd1 b3 51. axb3 cxb3 52. Kc1 Ke7 0-1

[Event "Unisource IV"]
[Site "Montreal CAN"]
[Date "2009.03.01"]
[Round "5"]
[White "Morissette, Jean-Sebastien"]
[Black "Le Duin, Thierry"]
[Result "0-1"]
[WhiteElo "1990"]
[BlackElo "2059"]
[PlyCount "62"]
[GameId "2160767910260463"]
[EventDate "2009.02.27"]
[EventType "tourn"]
[EventRounds "5"]
[EventCountry "CAN"]
[SourceTitle "EXT 2011"]
[Source "ChessBase"]
[SourceDate "2011.11.26"]
[SourceVersion "1"]
[SourceVersionDate "2011.11.26"]
[SourceQuality "1"]

1. e4 d5 2. exd5 Nf6 3. d4 Bg4 4. Nf3 Qxd5 5. Be2 Nc6 6. Be3 O-O-O 7. O-O Qh5 8. h3 e5 9. c3 e4 10. hxg4 Nxg4 11. Bf4 exf3 12. Bxf3 f5 13. Re1 Bd6 14. Bxg4 fxg4 15. Bg3 Bxg3 16. fxg3 Rhe8 17. Nd2 Rxe1+ 18. Qxe1 Rd6 19. Ne4 Re6 20. Qe2 Qf5 21. Re1 g6 22. Qd3 Ne7 23. c4 Ng8 24. d5 Re5 25. Re2 Nf6 26. d6 Rxe4 27. dxc7 Kxc7 28. Rxe4 Nxe4 29. Qe2 Qc5+ 30. Kh2 Qh5+ 31. Kg1 Qh1+ 0-1

[Event "Unisource IV"]
[Site "Montreal CAN"]
[Date "2009.03.01"]
[Round "5"]
[White "Weston, Paul"]
[Black "Xu, Haizhou"]
[Result "0-1"]
[WhiteElo "1931"]
[BlackElo "2077"]
[PlyCount "70"]
[GameId "2160767910260464"]
[EventDate "2009.02.27"]
[EventType "tourn"]
[EventRounds "5"]
[EventCountry "CAN"]
[SourceTitle "EXT 2011"]
[Source "ChessBase"]
[SourceDate "2011.11.26"]
[SourceVersion "1"]
[SourceVersionDate "2011.11.26"]
[SourceQuality "1"]

1. f4 Nf6 2. Nf3 g6 3. b3 Bg7 4. Bb2 O-O 5. e3 d6 6. Be2 Nbd7 7. Qc1 c5 8. a4 Qc7 9. Na3 a6 10. Nc4 b6 11. Rg1 Re8 12. g4 e5 13. fxe5 dxe5 14. a5 b5 15. Nb6 Nxb6 16. axb6 Qb8 17. Nxe5 Rxe5 18. Bxe5 Qxe5 19. Bf3 Rb8 20. b7 Bxb7 21. Bxb7 Qxh2 22. Rg2 Qh4+ 23. Ke2 Rxb7 24. Rxa6 Nxg4 25. Ra8+ Bf8 26. Qf1 Rd7 27. Qf4 h5 28. Qb8 Qe7 29. Qxb5 Qe4 30. Rg3 Rxd2+ 31. Kxd2 Qxa8 32. Rg1 Qd5+ 33. Qd3 Qe5 34. Rg2 Bh6 35. Re2 Bxe3+ 0-1

[Event "Unisource IV"]
[Site "Montreal CAN"]
[Date "2009.03.01"]
[Round "5"]
[White "Zhu, Hong Rui"]
[Black "Luo, Zhao Yang"]
[Result "1/2-1/2"]
[WhiteElo "1590"]
[BlackElo "1650"]
[PlyCount "132"]
[GameId "2160767910260465"]
[EventDate "2009.02.27"]
[EventType "tourn"]
[EventRounds "5"]
[EventCountry "CAN"]

1. e4 c6 2. d4 d5 3. Nc3 dxe4 4. Nxe4 Bf5 5. Ng3 Bg6 6. h4 h6 7. Nf3 Nd7 8. h5 Bh7 9. Bd3 Bxd3 10. Qxd3 Ngf6 11. Bd2 e6 12. O-O-O Bd6 13. Ne4 Nxe4 14. Qxe4 Nf6 15. Qe2 Qb6 16. Qc4 O-O-O 17. Qb3 Qxb3 18. axb3 Ne4 19. Be3 c5 20. dxc5 Bxc5 21. Bxc5 Nxc5 22. Ne5 f6 23. Nf7 Rxd1+ 24. Rxd1 Rf8 25. Nd6+ Kc7 26. b4 Na6 27. c3 Nb8 28. Nb5+ Kb6 29. Nd4 Re8 30. Re1 e5 31. Nf5 Rg8 32. Rd1 Kc7 33. Kd2 g6 34. hxg6 Rxg6 35. g3 Nc6 36. Rh1 Rg5 37. Ne3 Rg6 38. Rh5 Ne7 39. Nf5 Nxf5 40. Rxf5 Kd6 41. Rh5 Ke6 42. Ke3 f5 43. Rh1 Rf6 44. Rh4 Kd5 45. c4+ Kc6 46. b3 Kb6 47. Rh5 Kc6 48. Kd3 b6 49. Kc2 a5 50. bxa5 bxa5 51. Kb2 Kc5 52. Kc3 Kc6 53. b4 axb4+ 54. Kxb4 Kb6 55. c5+ Kc6 56. Kc4 f4 57. Rxe5 fxg3 58. fxg3 Rg6 59. Re4 h5 60. Rh4 Rxg3 61. Rxh5 Rg4+ 62. Kc3 Rg3+ 63. Kd4 Rg4+ 64. Kd3 Rg3+ 65. Ke4 Rg4+ 66. Kf5 Rc4 1/2-1/2

[Event "Veranda inv."]
[Site "Fancy Lake CAN"]
[Date "2009.08.09"]
[Round "5"]
[White "Kenney, Jason"]
[Black "Wysocki, Antoni"]
[Result "1-0"]
[WhiteElo "2132"]
[BlackElo "2180"]
[PlyCount "53"]
[GameId "2160767910093344"]
[EventDate "2009.08.08"]
[EventType "tourn"]
[EventRounds "5"]
[EventCountry "CAN"]

1. d4 Nf6 2. c4 g6 3. Nc3 Bg7 4. e4 d6 5. Nge2 a6 6. Ng3 c6 7. Be2 b5 8. f4 e5 9. Be3 Ng4 10. Bxg4 Bxg4 11. Qd2 exf4 12. Bxf4 bxc4 13. Bh6 O-O 14. O-O Ra7 15. d5 Qb6+ 16. Kh1 Bxh6 17. Qxh6 Qxb2 18. e5 f5 19. Nge4 Nd7 20. Rab1 Qc2 21. dxc6 dxe5 22. cxd7 Rxd7 23. Nf6+ Rxf6 24. Rb8+ Kf7 25. Qf8+ Ke6 26. Rb6+ Rd6 27. Rxd6# 1-0

[Event "Winnipeg February Sect-A"]
[Site "Winnipeg CAN"]
[Date "2009.02.20"]
[Round "1"]
[White "Atem, James"]
[Black "Kaptsan, Aron"]
[Result "1-0"]
[WhiteElo "1835"]
[BlackElo "2076"]
[PlyCount "73"]
[GameId "2160767910260594"]
[EventDate "2009.02.22"]
[EventType "tourn"]
[EventRounds "5"]
[EventCountry "CAN"]
[SourceTitle "EXT 2019"]
[Source "ChessBase"]
[SourceDate "2018.10.10"]
[SourceVersion "1"]
[SourceVersionDate "2018.10.10"]
[SourceQuality "1"]

1. e4 c5 2. Nf3 d6 3. Bc4 Nf6 4. Nc3 Nc6 5. d4 cxd4 6. Nxd4 a6 7. O-O e6 8. Nxc6 bxc6 9. Qf3 Qc7 10. Bh6 gxh6 11. Qxf6 Rg8 12. g3 Bg7 13. Qf4 e5 14. Qf3 Be6 15. Bxe6 fxe6 16. Rad1 O-O-O 17. Na4 Qa5 18. Qb3 d5 19. exd5 exd5 20. c4 d4 21. c5 Qb5 22. Qe6+ Kb8 23. Nb6 Rge8 24. Qf7 Bf8 25. b4 Re7 26. Qf6 Kc7 27. a3 Qe2 28. Rde1 Qh5 29. Nc4 e4 30. Qf4+ Kc8 31. Rxe4 Rxe4 32. Qxe4 Kc7 33. Qxh7+ Rd7 34. Qd3 Bg7 35. Nb6 Rf7 36. Qxa6 d3 37. Qc8# 1-0

[Event "Winnipeg February Sect-A"]
[Site "Winnipeg CAN"]
[Date "2009.02.20"]
[Round "1"]
[White "Greenberg, Harley"]
[Black "Boron, Anthony"]
[Result "0-1"]
[WhiteElo "1760"]
[BlackElo "1986"]
[PlyCount "76"]
[GameId "2160767910260595"]
[EventDate "2009.02.22"]
[EventType "tourn"]
[EventRounds "5"]
[EventCountry "CAN"]
[SourceTitle "EXT 2019"]
[Source "ChessBase"]
[SourceDate "2018.10.10"]
[SourceVersion "1"]
[SourceVersionDate "2018.10.10"]
[SourceQuality "1"]

1. e4 c6 2. d4 d5 3. Nc3 dxe4 4. Nxe4 Bf5 5. Ng3 Bg6 6. h4 h6 7. Nf3 Nd7 8. h5 Bh7 9. Bd3 Bxd3 10. Qxd3 Ngf6 11. Bd2 e6 12. O-O-O Bd6 13. Ne4 Nxe4 14. Qxe4 Nf6 15. Qe2 Qc7 16. g3 O-O-O 17. c4 c5 18. Bc3 Rhe8 19. dxc5 Qxc5 20. Bxf6 gxf6 21. Kb1 Be7 22. Nd2 f5 23. Nb3 Qc6 24. Qe3 Kb8 25. Qxh6 Qxc4 26. Qg7 Qe4+ 27. Ka1 Qf3 28. Qe5+ Ka8 29. Qe1 Bb4 30. Qf1 Bf8 31. h6 Bxh6 32. Nd4 Qg4 33. Rxh6 Rxd4 34. Rc1 Red8 35. Rh4 Qg7 36. Qh1 a6 37. Rxd4 Qxd4 38. a3 Kb8 0-1

[Event "Winnipeg February Sect-A"]
[Site "Winnipeg CAN"]
[Date "2009.02.20"]
[Round "1"]
[White "Khedkar, Jay S"]
[Black "Wiebe, Daniel"]
[Result "0-1"]
[WhiteElo "2003"]
[BlackElo "1910"]
[PlyCount "104"]
[GameId "2160767910260596"]
[EventDate "2009.02.22"]
[EventType "tourn"]
[EventRounds "5"]
[EventCountry "CAN"]
[SourceTitle "EXT 2019"]
[Source "ChessBase"]
[SourceDate "2018.10.10"]
[SourceVersion "1"]
[SourceVersionDate "2018.10.10"]
[SourceQuality "1"]

1. e4 c5 2. Nf3 d6 3. d4 cxd4 4. Nxd4 Nf6 5. Nc3 a6 6. Bg5 e6 7. f4 Qb6 8. Qd2 Qxb2 9. Nb3 Qa3 10. Bxf6 gxf6 11. Bd3 Nc6 12. O-O Qb4 13. Kh1 f5 14. a3 Qb6 15. exf5 Bg7 16. fxe6 Bxe6 17. f5 Bxb3 18. f6 Bxf6 19. Rxf6 Be6 20. Rb1 Qc7 21. Ne4 O-O-O 22. c4 Ne5 23. Qc3 Nxc4 24. Bxc4 Bxc4 25. Nxd6+ Rxd6 26. Rxd6 Qxd6 27. Qxh8+ Kc7 28. Qc3 b5 29. a4 Qd3 30. Rc1 Qxc3 31. Rxc3 Kb6 32. Kg1 Kc5 33. axb5 axb5 34. Kf2 Kd4 35. Rc1 Kd3 36. Ke1 b4 37. Rb1 Kc3 38. Kd1 Bb3+ 39. Kc1 Bd5 40. Rb2 b3 41. g4 Be4 42. h4 Bc2 43. g5 Kd4 44. h5 Ke5 45. Kd2 Kf5 46. g6 fxg6 47. hxg6 hxg6 48. Ke3 Kg4 49. Kf2 Kh3 50. Kg1 g5 51. Kh1 Kg3 52. Kg1 g4 0-1

[Event "Winnipeg February Sect-A"]
[Site "Winnipeg CAN"]
[Date "2009.02.21"]
[Round "2"]
[White "Boron, Anthony"]
[Black "Atem, James"]
[Result "1-0"]
[WhiteElo "1986"]
[BlackElo "1835"]
[PlyCount "77"]
[GameId "2160767910260597"]
[EventDate "2009.02.22"]
[EventType "tourn"]
[EventRounds "5"]
[EventCountry "CAN"]
[SourceTitle "EXT 2019"]
[Source "ChessBase"]
[SourceDate "2018.10.10"]
[SourceVersion "1"]
[SourceVersionDate "2018.10.10"]
[SourceQuality "1"]

1. e4 d6 2. d4 e6 3. Nc3 c6 4. Nf3 Be7 5. Be3 Nf6 6. h3 Qa5 7. Bd3 Na6 8. a3 Nb8 9. O-O O-O 10. b4 Qd8 11. Qe2 g6 12. Rfd1 d5 13. Bh6 Re8 14. e5 Nh5 15. Qe3 Qc7 16. g4 Ng7 17. Bg5 Rf8 18. Bf6 Ne8 19. g5 Ng7 20. Ne2 Nh5 21. Ng3 Nxg3 22. fxg3 Re8 23. h4 Bf8 24. h5 b6 25. Kg2 c5 26. c3 Nd7 27. Rh1 cxd4 28. cxd4 Nxf6 29. gxf6 a5 30. hxg6 fxg6 31. Ng5 h6 32. f7+ Qxf7 33. Nxf7 Kxf7 34. Rxh6 Bxh6 35. Qxh6 Rg8 36. Rf1+ Ke8 37. Bxg6+ Kd8 38. Qh7 Rxg6 39. Rf8# 1-0

[Event "Winnipeg February Sect-A"]
[Site "Winnipeg CAN"]
[Date "2009.02.21"]
[Round "2"]
[White "Wiebe, Daniel"]
[Black "Kaptsan, Aron"]
[Result "0-1"]
[WhiteElo "1910"]
[BlackElo "2076"]
[PlyCount "76"]
[GameId "2160767910260598"]
[EventDate "2009.02.22"]
[EventType "tourn"]
[EventRounds "5"]
[EventCountry "CAN"]
[SourceTitle "EXT 2019"]
[Source "ChessBase"]
[SourceDate "2018.10.10"]
[SourceVersion "1"]
[SourceVersionDate "2018.10.10"]
[SourceQuality "1"]

1. e4 c5 2. Nf3 d6 3. d4 cxd4 4. Nxd4 Nf6 5. Nc3 g6 6. Be3 Bg7 7. f3 a6 8. Bc4 b5 9. Bb3 Bb7 10. Qd2 h5 11. a3 Nbd7 12. O-O Ne5 13. a4 Nc4 14. Qe2 Nxe3 15. Qxe3 b4 16. Nce2 e5 17. Bxf7+ Kxf7 18. Qb3+ d5 19. Qxb4 Qe7 20. Qxe7+ Kxe7 21. Nb3 dxe4 22. Nc5 exf3 23. gxf3 Bc6 24. a5 Nd7 25. Nxd7 Bxd7 26. c3 Rab8 27. b4 Rhc8 28. Rac1 Bb5 29. Rfe1 Bh6 30. Rc2 Kf6 31. Ng3 Bd3 32. Ne4+ Kg7 33. Rb2 Bxe4 34. Rxe4 Rxc3 35. Rxe5 Rxf3 36. Kg2 Rf5 37. Rxf5 gxf5 38. Kf3 Kf6 0-1

[Event "Winnipeg February Sect-A"]
[Site "Winnipeg CAN"]
[Date "2009.02.21"]
[Round "3"]
[White "Atem, James"]
[Black "Khedkar, Jay S"]
[Result "1-0"]
[WhiteElo "1835"]
[BlackElo "2003"]
[PlyCount "73"]
[GameId "2160767910260599"]
[EventDate "2009.02.22"]
[EventType "tourn"]
[EventRounds "5"]
[EventCountry "CAN"]
[SourceTitle "EXT 2019"]
[Source "ChessBase"]
[SourceDate "2018.10.10"]
[SourceVersion "1"]
[SourceVersionDate "2018.10.10"]
[SourceQuality "1"]

1. e4 c5 2. Bc4 Nc6 3. Nf3 e6 4. c3 Nf6 5. e5 Ng4 6. d4 cxd4 7. cxd4 d5 8. Bd3 Nb4 9. Be2 Bd7 10. Nc3 g6 11. a3 Nc6 12. Nb5 a6 13. Nc3 f6 14. h4 Nh6 15. exf6 Qxf6 16. Bg5 Qg7 17. g4 Nf7 18. Be3 Be7 19. Qd2 b5 20. Bd3 Rc8 21. O-O Na5 22. Rfe1 Nc4 23. Bxc4 Rxc4 24. b3 Rc8 25. Ne5 Nxe5 26. dxe5 b4 27. Nb1 bxa3 28. Bh6 Qf7 29. Qa5 Bb5 30. Rc1 Bc5 31. Nxa3 Qf3 32. Rxc5 Rxc5 33. Nxb5 Qh3 34. Nd6+ Kd7 35. Qa4+ Kc7 36. Be3 Rc6 37. Qf4 1-0

[Event "Winnipeg February Sect-A"]
[Site "Winnipeg CAN"]
[Date "2009.02.21"]
[Round "3"]
[White "Greenberg, Harley"]
[Black "Wiebe, Daniel"]
[Result "0-1"]
[WhiteElo "1760"]
[BlackElo "1910"]
[PlyCount "56"]
[GameId "2160767910260600"]
[EventDate "2009.02.22"]
[EventType "tourn"]
[EventRounds "5"]
[EventCountry "CAN"]
[SourceTitle "EXT 2019"]
[Source "ChessBase"]
[SourceDate "2018.10.10"]
[SourceVersion "1"]
[SourceVersionDate "2018.10.10"]
[SourceQuality "1"]

1. e4 c5 2. Nf3 d6 3. d4 cxd4 4. Nxd4 Nf6 5. Nc3 a6 6. h3 e5 7. Nb3 Be6 8. Be3 Be7 9. Qd2 Nbd7 10. Nd5 Nxe4 11. Qd3 Nec5 12. Nxc5 Nxc5 13. Bxc5 dxc5 14. O-O-O O-O 15. Qe4 Bg5+ 16. Kb1 Qa5 17. Bd3 g6 18. Qxe5 Bxd5 19. Qxd5 Bf6 20. Bc4 b5 21. Qf3 Bg7 22. Bxf7+ Kh8 23. Rd7 Rad8 24. Rhd1 Rxd7 25. Rxd7 Rxf7 26. Qe3 Rf8 27. Qe7 Rg8 28. Rd3 Qb4 0-1